000 00511nam a2200181Ia 4500
005 20250603145207.0
008 250603s9999 xx 000 0 und d
020 _a9789780327354
050 _aP 90 .I58/
100 _aEdited by Oscar Odiboh; Abiodun Salawu & Chris Doghudje
245 0 _aIntroduction to philosophy of mass communication for higher institutions
260 _aIbadan
260 _bStirling-Horden Publishers Ltd.
260 _c2019
300 _a171 p
650 _aIbadan
942 _cBK
999 _c41145
_d41145